| 000 | 01530cam a2200373 a 4500 | ||
|---|---|---|---|
| 001 | 3102003 | ||
| 005 | 20240818092913.0 | ||
| 008 | 990120s2000 enka b 001 0 eng | ||
| 010 | _a99012277 | ||
| 020 | _a0521621860 | ||
| 020 | _a0521061709 | ||
| 020 | _a9780521621861 (hardback) | ||
| 020 | _a9780521061704 (paperback) | ||
| 040 |
_aDLC _cDLC _dDLC |
||
| 050 | 0 | 0 |
_aQA925 _b.C68 2000 |
| 082 | 0 | 0 |
_a532.05330 _221 _bCOT |
| 100 | 1 |
_aCottet, G.-H. _q(Georges-Henri), _d1956- _93559 |
|
| 245 | 1 | 0 |
_aVortex Methods : _bTheory and Practice / _cGeorges-Henri Cottet, Petros D. Koumoutsakos. |
| 260 |
_aCambridge ; _aNew York : _bCambridge University Press, _cc2000. |
||
| 300 |
_axiii, 313 p. : _bill. ; _c24 cm. |
||
| 504 | _aIncludes bibliographical references (p. 301-310) and index. | ||
| 650 | 0 |
_aNavier-Stokes equations _xNumerical solutions. _93560 |
|
| 650 | 0 |
_aVortex-motion. _93561 |
|
| 700 | 1 |
_aKoumoutsakos, Petros D. _93562 |
|
| 856 | 4 | 1 |
_3Sample text _uhttp://www.loc.gov/catdir/samples/cam032/99012277.html |
| 856 | 4 | 1 |
_3Table of contents _uhttp://www.loc.gov/catdir/toc/cam023/99012277.html |
| 856 | 4 | 2 |
_3Publisher description _uhttp://www.loc.gov/catdir/description/cam029/99012277.html |
| 942 |
_2ddc _cBB _hRDA-MOD |
||
| 999 |
_c11272 _d11272 |
||
| 336 |
_2rdacontent _atext _btxt |
||
| 337 |
_aunmediated _2rdamedia _bn |
||
| 338 |
_avolume _bnc _2rdacarrier |
||